000 01246cam a22003497a 4500
003 CHAP
005 20220329134609.0
008 971013s1976 r 00010 d
010 _a22783
011 _a23755
035 _a27852
040 _cCHAP
090 _aTesis
100 0 0 _aAvila Molina, Juan Antonio.
_98811
245 1 3 _aUn estudio sobre las condiciones de la producción lechera en la Comarca Lagunera con énfasis en el análisis de eficiencia
260 _aChapingo, Méx. :
_bEl autor,
_c1976
300 _a192 h.
_b; gráfs
502 _aTesis (M.C. Esp. en Economía Agrícola) -- ENA. Centro de Economía Agrícola
590 _aALEPH
_b10
_c20130110
_lUCH01
_h1247
590 _aBATCH-UPD
_b10
_c20130110
_lUCH01
_h1959
590 _aBATCH-UPD
_b10
_c20130410
_lUCH01
_h1319
590 _aBATCH-UPD
_b10
_c20130914
_lUCH01
_h1012
590 _aCONVERSION
_b10
_c20130109
_lUCH01
_h1313
650 1 4 _aComarca Lagunera
_xGanado lechero.
_925532
650 1 4 _aLeche
_xProducción.
_965400
901 _aBK
942 _cFOLL
949 _bBC
_cTES
_d-64401
_eTS1
_i27852
_si
949 _bBC
_cTES
_d-64405
_eTS2
_fc.3
_i27852
_si
949 _bBC
_cTES
_d-64406
_eTS2
_fc.4
_i27852
_si
949 _bBC
_cTES
_d33724000987004
_eTS2
_fc.2
_i27852
_si
999 _c22783
_d22783